[Event "Oberbayern Bezirksliga 1617"]
[Site "Germany"]
[Date "2017.04.02"]
[Round "8.3"]
[White "Hoffelner, Peter"]
[Black "Lechermann, Markus"]
[Result "1/2-1/2"]
[WhiteElo "2022"]
[BlackElo "2064"]
[PlyCount "56"]
[EventDate "2016.10.16"]
[EventType "team-tourn"]
[EventRounds "9"]
[EventCountry "GER"]
[SourceTitle "EXT 2019"]
[Source "ChessBase"]
[SourceDate "2018.10.10"]
[SourceVersion "1"]
[SourceVersionDate "2018.10.10"]
[SourceQuality "1"]
[WhiteTeam "Wolfratshausen"]
[BlackTeam "Ingolstadt"]
[WhiteTeamCountry "GER"]
[BlackTeamCountry "GER"]

1. b3 e5 2. Bb2 Nc6 3. e3 Nf6 4. Bb5 d6 5. Ne2 Bd7 6. 0-0 a6 7. Bxc6 Bxc6 8. d4 exd4 9. Nxd4 Bd7 10. Qf3 Qc8 11. e4 Be7 12. Re1 0-0 13. Nf5 Bxf5 14. exf5 Re8 15. Nc3 c6 16. Ne4 Nxe4 17. Rxe4 Qd7 18. Rg4 f6 19. Rd1 d5 20. c4 Rad8 21. g3 Kh8 22. cxd5 cxd5 23. Rgd4 Qc6 24. Kg2 h6 25. Rxd5 Rxd5 26. Rxd5 Bc5 27. Rd2 Qb6 28. Rd7 Re7 1/2-1/2